000 00648nam a2200229Ia 4500
001 1962
003 GE_BSU
008 181216s||||||||xx |||||||||||||| ||und||
020 _a9785482015094
040 _cGE_BSU
080 _a340.1(470)(075.8)
100 _aМарченко,М.Н.
245 _aПроблемы теории государства и права
245 _bУчубник для вузов.
260 _aМосква
260 _bПроспект
260 _c2007
300 _a768 стр. 21см.
541 _h25л.
653 _aПроблемы теории государства и права
942 _cBK
999 _c36062
_d36062